[Event "Summer Cup"]
[Site "Wellington Chess Club"]
[Date "2021.02.18"]
[Round "4.12"]
[White "Webster, Jamie"]
[Black "Benitez, Edgar"]
[Result "0-1"]
[WhiteElo "1720"]
[BlackElo "2033"]

1. e4 e5 2. Nf3 Nc6 3. Bb5 a6 4. Ba4 Nf6 5. O-O Be7 6. Re1 b5 7. Bb3 d6 8. c3
O-O 9. h3 Na5 10. Bc2 c5 11. d4 Qc7 12. Nbd2 Nc6 13. d5 Nb8 14. Nf1 Re8 15. Ng3
Nbd7 16. Nf5 Nf8 17. Nh2 Ng6 18. Ng4 Nxg4 19. Qxg4 Bf6 20. b3 Kh8 21. f4 exf4
22. Bxf4 Nxf4 23. Qxf4 Be5 24. Qg5 f6 25. Qd2 b4 26. c4 Bxf5 27. exf5 Bc3 28.
Qf2 Bd4 0-1

[Event "Summer Cup"]
[Site "Wellington Chess Club"]
[Date "2021.02.18"]
[Round "4.13"]
[White "Dunn, Paul"]
[Black "Darr, Samuel"]
[Result "1-0"]
[WhiteElo "2000"]
[BlackElo "1632"]

1. d4 d5 2. c4 e6 3. Nc3 Nf6 4. cxd5 exd5 5. Bg5 Be7 6. e3 Bf5 7. Qb3 b6 8.
Bxf6 Bxf6 9. Qxd5 Qxd5 10. Nxd5 Bd8 11. Be2 Be4 12. Bf3 Bxd5 13. Bxd5 c6 14.
Bf3 Kd7 15. Rc1 Be7 16. d5 Bb4+ 17. Ke2 c5 18. a3 Ba5 19. d6 Nc6 20. b4 Rae8
21. Bxc6+ Kxc6 22. bxa5 bxa5 23. Nf3 Kxd6 24. Rhd1+ Kc6 25. Nd4+ Kb6 26. Rb1+
Ka6 27. Nb3 Kb5 28. Rdc1 c4 29. Nd2+ Kc5 30. Rxc4+ Kd5 31. Rb5+ Kd6 32. Ne4+
Kd7 33. Rxa5 Ke6 34. Ng5+ Kf6 35. Rc6+ Ke7 36. Rxa7+ Kf8 37. Rxf7+ Kg8 38. Rcc7
1-0

[Event "Summer Cup"]
[Site "Wellington Chess Club"]
[Date "2021.02.18"]
[Round "4.14"]
[White "Loke, Kayden"]
[Black "Sole, Michael"]
[Result "1-0"]
[WhiteElo "1608"]
[BlackElo "1986"]

1. e4 c5 2. Nf3 d6 3. d4 cxd4 4. Nxd4 Nf6 5. Nc3 a6 6. Be3 e5 7. Nb3 Be7 8. f3
Be6 9. Qd2 h5 10. O-O-O Nbd7 11. Nd5 Bxd5 12. exd5 Nb6 13. Bxb6 Qxb6 14. Qa5
Bd8 15. Qxb6 Bxb6 16. Be2 Rc8 17. Kb1 O-O 18. h4 g6 19. c4 Kg7 20. Nd2 Bd4 21.
Rhf1 Rfe8 22. Ne4 Nxe4 23. fxe4 Rc7 24. b3 f6 25. g4 hxg4 26. Bxg4 Rh8 27. Rh1
Rf7 28. Rdf1 b5 29. cxb5 axb5 30. h5 gxh5 31. Rxh5 Rxh5 32. Bxh5 Rf8 33. Rf3
Kh6 34. Bg4 Kg5 35. Bf5 b4 36. Be6 Re8 37. Bf5 Re7 38. Rf1 Be3 39. Rf3 Bf4 40.
Rf2 Re8 41. Rg2+ Kh4 42. Kc2 Re7 43. Kd3 Rc7 44. Rc2 Ra7 45. Rc6 Rxa2 46. Rxd6
Kg5 47. Rb6 Bd2 48. d6 Bc3 49. d7 Rd2+ 50. Kc4 Rd4+ 51. Kb5 1-0

[Event "Summer Cup"]
[Site "Wellington Chess Club"]
[Date "2021.02.18"]
[Round "4.15"]
[White "Chen, Wei Kai"]
[Black "Marney, John"]
[Result "1-0"]
[WhiteElo "1929"]
[BlackElo "1638"]

1. b3 e6 2. Bb2 Nf6 3. e3 d5 4. Nf3 Nbd7 5. Be2 Bd6 6. O-O O-O 7. c4 c6 8. d4
Qe7 9. c5 Bc7 10. b4 Ne4 11. a4 a6 12. Nc3 f5 13. b5 Ndf6 14. b6 Bd8 15. Ne5
Nxc3 16. Bxc3 Ne4 17. Be1 Qg5 18. f4 Qe7 19. Rf3 Bd7 20. Rh3 Be8 21. Bh5 Nf6
22. g4 fxg4 23. Bxg4 Bf7 24. Ra2 Qe8 25. Rg2 Ne4 26. Bf3 Bh5 27. Bxh5 1-0

[Event "Summer Cup"]
[Site "Wellington Chess Club"]
[Date "2021.02.18"]
[Round "4.16"]
[White "Moreno, Cristian"]
[Black "Rossiter, Philip"]
[Result "0-1"]
[WhiteElo "1500"]
[BlackElo "1861"]

1. c4 Nf6 2. d4 e6 3. Nc3 Bb4 4. Bg5 h6 5. Bh4 g5 6. Bg3 Ne4 7. Qd3 Nxg3 8.
Qxg3 d6 9. a3 Bxc3+ 10. Qxc3 Qf6 11. g3 Bd7 12. Bg2 Bc6 13. e4 e5 14. Ne2 b6
15. b4 Nd7 16. O-O O-O 17. a4 Qg6 18. f3 a5 19. b5 Bb7 20. Bh3 exd4 21. Nxd4
Nc5 22. Nf5 Rae8 23. Ra2 Re5 24. Raf2 Rfe8 25. Qb2 Bc8 26. f4 Nd3 27. Qd4 Nxf2
28. fxe5 Nxh3+ 29. Kg2 dxe5 30. Qd5 g4 31. Nh4 Qe6 32. Qd3 Qd6 33. Qe3 Rd8 34.
Nf5 Qd2+ 35. Qxd2 Rxd2+ 36. Kh1 Nf2+ 37. Kg1 Bxf5 38. exf5 Nh3+ 39. Kh1 Rc2 40.
Ra1 Kg7 41. Rb1 Kf6 42. Ra1 Kxf5 43. Rf1+ Rf2 44. Rxf2+ Nxf2+ 0-1

[Event "Summer Cup"]
[Site "Wellington Chess Club"]
[Date "2021.02.18"]
[Round "4.17"]
[White "Wevers, Alexis"]
[Black "Farrington, Lawrence"]
[Result "1-0"]
[WhiteElo "1831"]
[BlackElo "1611"]

1. d4 d5 2. Bf4 Nf6 3. e3 e6 4. Nf3 Bd6 5. Bg3 Nc6 6. Nbd2 Bd7 7. Rc1 Qe7 8. c4
dxc4 9. Bxc4 Rc8 10. Bh4 O-O 11. O-O Qd8 12. e4 Be7 13. Re1 Ne8 14. Bg3 Na5 15.
Bd3 Bd6 16. e5 Be7 17. Ne4 Bc6 18. h4 h6 19. h5 Bd5 20. Bb1 f5 21. exf6 Bxf6
22. Nxf6+ Nxf6 23. Bh4 Nc6 24. Ne5 Qe8 25. Bxf6 Rxf6 26. Qd3 Rf5 27. g4 Nxe5
28. dxe5 Rg5 29. Qh7+ Kf8 30. Bg6 Rxg4+ 31. Kh2 Rg2+ 32. Kh3 Qa4 33. Qh8+ Ke7
34. Qxg7+ Kd8 35. Qf8+ Kd7 36. Rxc7+ Rxc7 37. Qe8# 1-0

[Event "Summer Cup"]
[Site "Wellington Chess Club"]
[Date "2021.02.18"]
[Round "4.18"]
[White "Aldridge, Alan"]
[Black "Zaslow, Henry"]
[Result "0-1"]
[WhiteElo "1826"]
[BlackElo "1500"]

1. d4 Nf6 2. c4 g6 3. Nc3 Bg7 4. e4 d6 5. f3 c6 6. Be3 Na6 7. Nge2 Qc7 8. Nc1
Nd7 9. Qd2 e5 10. Be2 Nb4 11. Nb3 a5 12. a3 Na6 13. O-O O-O 14. Rad1 Rd8 15. f4
exd4 16. Nxd4 Nf6 17. f5 Nc5 18. fxg6 fxg6 19. Bg5 Rf8 20. Bf3 Qf7 21. b4 axb4
22. axb4 Ne6 23. Nxe6 Bxe6 24. c5 dxc5 25. bxc5 Qd7 26. e5 Qxd2 27. Rxd2 Nd7
28. Rd6 Rae8 29. Rxe6 Rxe6 30. Bg4 Rxe5 31. Bf4 Re7 32. Bd6 Rxf1+ 33. Kxf1 Rf7+
34. Ke2 Bxc3 35. Be6 Bd4 0-1

[Event "Summer Cup"]
[Site "Wellington Chess Club"]
[Date "2021.02.18"]
[Round "4.19"]
[White "Brockway, Andrew"]
[Black "Keay, Matt"]
[Result "1/2-1/2"]
[WhiteElo "1817"]
[BlackElo "1500"]

1. e4 c6 2. d4 d5 3. exd5 cxd5 4. Bd3 Nf6 5. Bf4 Nc6 6. c3 e6 7. Nf3 Bd6 8. Bg3
a6 9. Nbd2 b5 10. Ne5 Qc7 11. Ndf3 Nd7 12. Nxc6 Qxc6 13. Ne5 Nxe5 14. dxe5 Be7
15. O-O Bb7 16. Re1 O-O 17. Qh5 g6 18. Qg4 Rfd8 19. Bh4 Bxh4 20. Qxh4 Qc5 21.
Qd4 Rac8 22. Rac1 Qxd4 23. cxd4 Kg7 24. f4 Rxc1 25. Rxc1 Rc8 26. Rxc8 Bxc8 27.
b4 Bd7 28. Kf2 h5 29. Kg3 Be8 { (=) } 30. Kh4 Kh6 31. h3 Bd7 32. Bc2 Bc6 33. g4
hxg4 34. hxg4 Bd7 35. Bd3 Bc8 36. Bc2 Bd7 37. Bd3 Bc8 38. Bc2 Bd7 39. Bb3 Bc6
40. Bc2 Bd7 1/2-1/2

[Event "Summer Cup"]
[Site "Wellington Chess Club"]
[Date "2021.02.18"]
[Round "4.20"]
[White "Robinson, Max"]
[Black "Wang, Cheng Qi(Max)"]
[Result "1-0"]
[WhiteElo "1805"]
[BlackElo "1034"]

1. d4 Nf6 2. c4 c5 3. d5 b5 4. cxb5 a6 5. b6 Qxb6 6. Nc3 d6 7. e4 Nbd7 8. Nf3
Bb7 9. Be2 g6 10. O-O Bg7 11. Nd2 O-O 12. Nc4 Qc7 13. Be3 Rab8 14. Rb1 Nb6 15.
Nxb6 Qxb6 16. b4 Qc7 17. bxc5 dxc5 18. Qd2 Rfd8 19. Bf4 Qc8 20. Bxb8 Qxb8 21.
Bxa6 Rd7 22. Rb3 Ng4 23. f4 e6 24. Rfb1 Bxc3 25. Qxc3 exd5 26. Rxb7 Rxb7 27.
Rxb7 Qa8 28. h3 Nh6 29. exd5 Nf5 30. Qb2 h6 31. Rb8+ Qxb8 32. Qxb8+ Kg7 33. d6
Nxd6 34. Qxd6 c4 35. Bxc4 h5 36. Qe7 Kh6 37. Qf8+ Kh7 38. Qxf7+ Kh6 39. Bd3 1-0

[Event "Summer Cup"]
[Site "Wellington Chess Club"]
[Date "2021.02.18"]
[Round "4.21"]
[White "Eccles, Dannin"]
[Black "Shyamsundar, Tejas"]
[Result "0-1"]
[WhiteElo "1500"]
[BlackElo "1647"]

1. e4 c6 2. d4 d5 3. Nc3 dxe4 4. Nxe4 Nf6 5. Nxf6+ exf6 6. Be2 Bd6 7. h3 O-O 8.
Nf3 Re8 9. Be3 Bf5 10. Bd3 Bxd3 11. Qxd3 Nd7 12. O-O Nf8 13. Qf5 Qc8 14. Qh5
Ng6 15. Rfe1 Qc7 16. c4 Bf4 17. Qg4 Bxe3 18. fxe3 Qb6 19. b3 a5 20. h4 h6 21.
h5 Ne7 22. Nh4 Qc7 23. Nf5 Nxf5 24. Qxf5 a4 25. b4 Rad8 26. a3 Qg3 27. Qf4 Qxf4
28. exf4 Rxe1+ 29. Rxe1 Rxd4 30. Re8+ Kh7 31. Ra8 Rxc4 32. g3 b5 33. Ra6 Rc3
34. Kf2 Rxa3 35. Rxc6 Rb3 0-1

[Event "Summer Cup"]
[Site "Wellington Chess Club"]
[Date "2021.02.18"]
[Round "4.22"]
[White "Stone, Andrew"]
[Black "Kibblewhite, Daniel"]
[Result "1-0"]
[WhiteElo "2037"]
[BlackElo "1639"]

1. e4 e6 2. d4 d5 3. Nc3 Bb4 4. e5 c5 5. a3 Bxc3+ 6. bxc3 b6 7. Qg4 g6 8. h4 h5
9. Qg3 Nd7 10. Bd3 Ne7 11. Bg5 c4 12. Be2 Qc7 13. Bxe7 Kxe7 14. Nh3 Bb7 15.
Qg5+ f6 16. exf6+ Nxf6 17. Nf4 Rhg8 18. Nxg6+ Kf7 19. Ne5+ Ke7 20. Ng6+ Kf7 21.
Bxh5 Nxh5 22. Ne5+ Kf8 23. Qxh5 Qg7 24. g3 Rh8 25. Qg6 Rh6 26. Qxg7+ Kxg7 27.
h5 Rf8 28. Ke2 Rf5 29. g4 Rf4 30. g5 Rh7 31. h6+ Kg8 32. g6 Rc7 33. Rag1 1-0

[Event "Summer Cup"]
[Site "Wellington Chess Club"]
[Date "2021.02.18"]
[Round "4.23"]
[White "Jelley, Arch"]
[Black "Carlyle, Mathieson"]
[Result "1/2-1/2"]
[WhiteElo "1910"]
[BlackElo "1500"]

1. e4 e6 2. d4 d5 3. e5 c5 4. c3 Nc6 5. Nf3 Bd7 6. a3 Qb6 7. Be3 Qxb2 8. Nbd2
Qxc3 9. Rc1 Qxa3 10. dxc5 Be7 11. Bb5 Nxe5 12. Bxd7+ Nxd7 13. Ra1 Qd3 14. Qa4
Bf6 15. Ra3 Qg6 16. c6 bxc6 17. Qxc6 Rb8 18. O-O Ne7 19. Qc7 Rc8 20. Qxa7 Ne5
21. Qa4+ N7c6 22. Rc1 O-O 23. Qa6 Nxf3+ 24. Nxf3 Bb2 25. Rac3 Bxc3 26. Rxc3 Ne7
27. Rxc8 Rxc8 28. h3 Rf8 29. Bc5 Qb1+ 30. Kh2 Re8 31. Bxe7 h6 32. Bc5 Qc2 33.
Be3 e5 34. Qb5 Re6 35. Qxd5 Qb2 36. g4 e4 37. Nd4 Qb8+ 38. Kg2 Re8 39. Qb5 Qa8
40. Nf5 Re6 41. Qb2 f6 42. Qb3 Qe8 43. Nd4 Kf7 44. Kg3 g5 45. Qxe6+ Qxe6 46.
Nxe6 Kxe6 47. Bd4 Kf7 48. f3 exf3 49. Kxf3 Kg6 50. Ke4 h5 51. Kf3 hxg4+ 52.
Kxg4 f5+ 53. Kg3 Kh5 54. Bf2 Kg6 55. Kg2 Kh5 56. Kf1 g4 57. h4 f4 1/2-1/2

[Event "Summer Cup"]
[Site "Wellington Chess Club"]
[Date "2021.02.18"]
[Round "4.24"]
[White "Dixon, Hamish"]
[Black "Croad, Simon"]
[Result "0-1"]
[WhiteElo "1724"]
[BlackElo "1500"]

1. e4 e6 2. d4 d5 3. Bd3 Nf6 4. e5 Nfd7 5. Be3 c5 6. c3 Nc6 7. Nf3 Qb6 8. Qc1
f6 9. exf6 Nxf6 10. O-O Bd6 11. Nbd2 O-O 12. Re1 Bd7 13. Qb1 Rae8 14. Bg5 h6
15. Bxf6 Rxf6 16. dxc5 Bxc5 17. Re2 e5 18. Nb3 e4 19. Nxc5 Qxc5 20. Bxe4 dxe4
21. Rxe4 Rxe4 22. Qxe4 Re6 23. Qd3 Be8 24. b4 Qb6 25. Rd1 Bg6 26. Qd7 Re2 27.
Nd4 Nxd4 28. cxd4 Qxb4 29. a4 Re1+ 0-1

[Event "Summer Cup"]
[Site "Wellington Chess Club"]
[Date "2021.02.18"]
[Round "4.25"]
[White "Malcolm, Aidan"]
[Black "Stracy, Don"]
[Result "1-0"]
[WhiteElo "1500"]
[BlackElo "1686"]

1. e4 c5 2. d4 cxd4 3. c3 dxc3 4. Nxc3 Nc6 5. Nf3 g6 6. e5 Bg7 7. Bf4 Qa5 8.
Qd5 e6 9. Qxa5 Nxa5 10. Nb5 Nc6 11. Nc7+ Ke7 12. Nxa8 b6 13. Bb5 Bb7 14. Nc7
Nh6 15. Bg5+ Kf8 16. O-O-O 1-0

[Event "Summer Cup"]
[Site "Wellington Chess Club"]
[Date "2021.02.18"]
[Round "4.27"]
[White "Ackroyd, William"]
[Black "Dunlop, Rafe"]
[Result "1-0"]
[WhiteElo "1670"]
[BlackElo "1376"]

1. e4 d5 2. exd5 Nf6 3. Nf3 Bg4 4. Bb5+ c6 5. dxc6 Nxc6 6. O-O Qb6 7. Nc3 O-O-O
8. Be2 e5 9. Ng5 Bxe2 10. Qxe2 Rd7 11. d3 Nd4 12. Qd1 Bc5 13. Na4 Qb5 14. c3
Nc6 15. c4 Qa5 16. a3 Bd4 17. b4 Qd8 18. Bb2 Bxb2 19. Nxb2 h6 20. Nh3 e4 21. b5
Ne7 22. Qa4 exd3 23. Qxa7 Ne4 24. Na4 Rd4 25. c5 d2 26. c6 Nxc6 27. bxc6 Qc7
28. Qa8+ Qb8 29. cxb7+ Kc7 30. Qa5+ Kd7 31. f3 Qxb7 32. fxe4 Qxe4 33. Nc5+ 1-0

[Event "Summer Cup"]
[Site "Wellington Chess Club"]
[Date "2021.02.18"]
[Round "4.29"]
[White "Milne, Josef"]
[Black "Miller, Jackson"]
[Result "1-0"]
[WhiteElo "1500"]
[BlackElo "1500"]

1. d4 d5 2. c4 e6 3. Nc3 Nf6 4. Bg5 Be7 5. e3 Nbd7 6. Nf3 h6 7. Bh4 O-O 8. Be2
Nh5 9. Bxe7 Qxe7 10. cxd5 Nhf6 11. dxe6 Qxe6 12. O-O c6 13. Rc1 Nb6 14. Ne5
Nfd7 15. Bg4 Qd6 16. Ne4 Qc7 17. Nxd7 Bxd7 18. Be2 Nd5 19. Nc5 Rac8 20. Bc4 b5
21. Bb3 a5 22. Qf3 Be6 23. Nxe6 fxe6 24. Qe4 Rfe8 25. Rc5 Qf7 26. Rfc1 Qe7 27.
Bc2 Nf6 28. Qg6 Qf7 29. Qxf7+ Kxf7 30. Bd3 Nd5 31. Rxc6 Rxc6 32. Rxc6 Nb4 33.
Rc7+ Re7 34. Rxe7+ Kxe7 35. Bxb5 Nxa2 36. Kf1 Nc1 37. Bc4 Kf6 38. Ke1 a4 39.
Kd1 Nb3 40. Bxb3 axb3 41. Kd2 e5 42. dxe5+ Kxe5 43. Kc3 g5 44. Kxb3 h5 45. Kc4
Ke4 46. b4 1-0

[Event "Summer Cup"]
[Site "Wellington Chess Club"]
[Date "2021.02.18"]
[Round "4.30"]
[White "Qu, Lucas"]
[Black "Rudykh, Richard"]
[Result "1-0"]
[WhiteElo "1500"]
[BlackElo "1500"]

1. d3 e5 2. e4 Bc5 3. Nf3 d6 4. c4 Nf6 5. Bg5 a6 6. g3 Bg4 7. Bg2 h6 8. Bxf6
Qxf6 9. Nc3 Nc6 10. Nd5 Qd8 11. Qa4 O-O 12. O-O Ra7 13. Rfe1 Bd7 14. Qc2 Nd4
15. Nxd4 Bxd4 16. Rad1 c6 17. Ne3 Qf6 18. Ng4 Qg5 19. Qe2 Bxg4 20. Qd2 Bxd1 21.
Qxg5 hxg5 22. Rxd1 f5 23. Bh3 g4 24. Bg2 fxe4 25. Rf1 exd3 26. Kh1 d2 27. Rd1
Rxf2 28. h4 Ra8 29. a4 Kf7 30. Kh2 Rh8 31. b4 g5 32. a5 Kg6 33. c5 Rhf8 34.
cxd6 Rf1 35. Bxf1 Rxf1 36. Rxf1 gxh4 37. d7 hxg3+ 38. Kxg3 e4 39. d8=Q Be5+ 40.
Kf2 g3+ 41. Kg2 e3 42. Qg8+ Kh6 43. Rh1# 1-0

[Event "Summer Cup"]
[Site "Wellington Chess Club"]
[Date "2021.02.18"]
[Round "4.31"]
[White "Bennett, Ezra"]
[Black "Vachon, Mia"]
[Result "1-0"]
[WhiteElo "1399"]
[BlackElo "1500"]

1. d4 d5 2. Nf3 e6 3. e3 Bd6 4. Bd3 Nf6 5. Nbd2 Nbd7 6. O-O O-O 7. b3 b6 8. Bb2
Bb7 9. Ne5 Qe7 10. f4 c5 11. Qe2 g6 12. f5 exf5 13. Nxd7 Qxd7 14. dxc5 Bxc5 15.
Bxf6 Rfe8 16. Bg5 d4 17. e4 Ba6 18. Rf4 Bd6 19. Rh4 Bc5 20. Bxa6 d3+ 21. Kf1
dxe2+ 22. Bxe2 fxe4 23. Nxe4 Kh8 24. Rxh7+ Kxh7 25. Nf6+ Kg7 26. Nxd7 Be7 27.
Bc1 Rad8 28. Bb2+ Kh7 29. Nf6+ Bxf6 30. Bxf6 Rd6 31. Bg5 Rde6 32. Bb5 Rf8 33.
Bc4 Re5 34. Bf4 Rf5 35. g3 g5 36. Bd3 1-0

[Event "Summer Cup"]
[Site "Wellington Chess Club"]
[Date "2021.02.25"]
[Round "5.1"]
[White "Croad, Nicolas"]
[Black "Wastney, Scott"]
[Result "1-0"]
[WhiteElo "2455"]
[BlackElo "2434"]

1. d4 Nf6 2. c4 e6 3. Nc3 Bb4 4. Qc2 O-O 5. a3 Bxc3+ 6. Qxc3 d6 7. Bg5 Nbd7 8.
e3 e5 9. Nf3 Re8 10. Be2 h6 11. Bh4 g5 12. dxe5 dxe5 13. Bg3 Ne4 14. Qc2 Ndc5
15. Bxe5 Bf5 16. Qd1 g4 17. Qxd8 Raxd8 18. Bxc7 gxf3 19. gxf3 Nf6 20. Bxd8 Rxd8
21. Rd1 Nd3+ 22. Bxd3 Bxd3 23. Rd2 Rd7 24. c5 Kf8 25. Rg1 Bb5 26. b4 a6 27. Rg3
Rd5 28. Rxd5 Nxd5 29. Kd2 Nf6 30. e4 Bc6 31. Ke3 1-0

[Event "Summer Cup"]
[Site "Wellington Chess Club"]
[Date "2021.02.25"]
[Round "5.2"]
[White "Russell, Athula"]
[Black "Wojnar, Jacek"]
[Result "0-1"]
[WhiteElo "2261"]
[BlackElo "2057"]

1. e4 e5 2. Nf3 d6 3. d4 exd4 4. Qxd4 Nf6 5. Bg5 Be7 6. Nc3 O-O 7. O-O-O Nc6 8.
Qd2 Be6 9. Bb5 Ng4 10. Bxe7 Qxe7 11. h3 Nge5 12. Nxe5 dxe5 13. Bxc6 bxc6 14.
Qe3 Qb4 15. a3 Qa5 16. Rd2 Rfd8 17. Rxd8+ Rxd8 18. Rd1 Rb8 19. Rd2 Qb6 20. Nd1
f6 21. Qc3 Kf7 22. Ne3 Qb5 23. h4 Ke7 24. g3 Rd8 25. Rxd8 Kxd8 26. b3 Kd7 27.
Kd2 Kd6 28. Qd3+ Qxd3+ 29. Kxd3 Kc5 30. f4 h5 31. fxe5 fxe5 32. b4+ Kb5 33. Nf5
g6 34. Ne7 Bf7 35. c4+ Bxc4+ 36. Kc3 Bf7 37. a4+ Kb6 38. a5+ Kb7 39. Kd3 a6 40.
Kc3 c5 41. b5 axb5 42. a6+ Kxa6 43. Nc6 b4+ 44. Kd2 Kb5 45. Nxe5 Be8 46. Kd3
Bc6 47. Nxg6 c4+ 48. Kd4 Bxe4 49. Ne5 Bd3 50. g4 c5+ 51. Ke3 hxg4 52. Nxd3 cxd3
53. h5 g3 54. h6 g2 55. Kf2 d2 0-1

[Event "Summer Cup"]
[Site "Wellington Chess Club"]
[Date "2021.02.25"]
[Round "5.3"]
[White "Ker, Anthony"]
[Black "Sellen, Ian"]
[Result "1-0"]
[WhiteElo "2440"]
[BlackElo "2044"]

1. e4 c5 2. Nc3 Nc6 3. f4 g6 4. Nf3 Bg7 5. Bb5 Nd4 6. O-O Nxb5 7. Nxb5 Nf6 8.
Nc3 O-O 9. Qe1 e6 10. Qh4 d5 11. d3 Bd7 12. f5 exf5 13. e5 Ng4 14. Bg5 f6 15.
exf6 Bxf6 16. Nxd5 Bxg5 17. Nxg5 h6 18. Nf3 Qxh4 (18... g5 19. Qh3 Be6 20. Nc3
Qd7 $17) 19. Nxh4 Kg7 20. Rae1 Nf6 21. Ne7 Be8 22. Re3 Nd7 23. Nd5 Nf6 $4 (
23... Bf7 24. Re7 Rad8 25. Nf4 Kf6 26. Rfe1 {White will struggle to make
progress (but not } 26... g5 $4 27. Nh5+ Bxh5 28. R1e6# {)} ) 24. Nc7 1-0

[Event "Summer Cup"]
[Site "Wellington Chess Club"]
[Date "2021.02.25"]
[Round "5.4"]
[White "Forster, Bill"]
[Black "Cilia Vincenti, David"]
[Result "0-1"]
[WhiteElo "2038"]
[BlackElo "2276"]

1. d4 f5 2. Bg5 h6 3. Bh4 g5 4. e3 Nf6 5. Bg3 d6 6. Nc3 e6 7. h4 Rg8 8. hxg5
hxg5 9. Be2 Qe7 10. Nh3 Nc6 11. Bh5+ Kd8 12. Be2 Bd7 13. Qd2 Kc8 14. O-O-O a6
15. Bh2 Kb8 16. f3 e5 17. Rhe1 g4 18. dxe5 dxe5 19. Nf4 exf4 20. Bxf4 Be6 21.
Bf1 Qf7 22. e4 Bb4 23. a3 Ba5 24. exf5 Bxf5 25. Re3 Bb6 26. Ree1 Ka7 27. b3
Rad8 0-1

[Event "Summer Cup"]
[Site "Wellington Chess Club"]
[Date "2021.02.25"]
[Round "5.5"]
[White "Winter, Ryan"]
[Black "Symon, Christopher"]
[Result "1-0"]
[WhiteElo "2165"]
[BlackElo "2022"]

1. e4 c5 2. Nc3 Nc6 3. Bb5 g6 4. Bxc6 dxc6 5. d3 Bg7 6. f4 Nf6 7. Nf3 O-O 8.
O-O Bg4 9. Qe1 Qb6 10. Kh1 Rad8 11. Rb1 Nd7 12. e5 Qc7 13. Bd2 Nb6 14. b3 Nd5
15. Ne4 f6 16. Nxc5 b6 17. exf6 Rxf6 18. Ne4 Rff8 19. Neg5 Qd6 20. Qh4 h5 21.
Ne4 Qc7 22. Nfg5 Nf6 23. Rbe1 Bf5 24. Ng3 Bc8 25. Bc3 Nd5 26. Bxg7 Kxg7 27. f5
Nf6 28. fxg6 Rh8 29. Nf5+ Bxf5 30. Rxf5 Kxg6 31. Ne6 Qd6 32. Qg5+ Kf7 33. Qg7+
1-0

[Event "Summer Cup"]
[Site "Wellington Chess Club"]
[Date "2021.02.25"]
[Round "5.6"]
[White "Wojnar, Maciej"]
[Black "Uzbekov, Igor"]
[Result "1-0"]
[WhiteElo "2101"]
[BlackElo "1500"]

1. e4 d5 2. exd5 Qxd5 3. Nc3 Qa5 4. Bc4 c6 5. d4 Nf6 6. Bd2 Bf5 7. Nf3 e6 8. d5
Be7 9. dxe6 Bxe6 10. Bxe6 fxe6 11. Qe2 Qf5 12. Nd4 Qg4 13. Qxg4 Nxg4 14. Nxe6
Kd7 15. Nxg7 Bf6 16. Nh5 Re8+ 17. Kf1 Bd4 18. Nd1 Na6 19. c3 Be5 20. Ne3 Nxe3+
21. Bxe3 Rf8 22. Rd1+ Ke6 23. g3 b5 24. Nf4+ Kf5 25. Nd3 Ke4 26. Nc5+ Nxc5 27.
Bxc5 Rf7 28. Kg2 a5 29. Rhe1+ Kf5 30. f4 Bg7 31. Rd6 b4 32. Kf3 h5 33. h3 Bf6
34. g4+ hxg4+ 35. hxg4+ Kg6 36. Ree6 Kg7 37. Rxf6 Rxf6 38. Bd4 Rf8 39. Rxf6
Rxf6 40. g5 bxc3 41. bxc3 1-0

[Event "Summer Cup"]
[Site "Wellington Chess Club"]
[Date "2021.02.25"]
[Round "5.7"]
[White "Rossiter, Philip"]
[Black "Dive, Russell"]
[Result "0-1"]
[WhiteElo "1861"]
[BlackElo "2407"]

1. Nf3 Nf6 2. b3 d5 3. Bb2 Bf5 4. e3 e6 5. Be2 h6 6. c4 Bd6 7. Nc3 O-O 8. Rc1
c6 9. O-O Nbd7 10. d3 Bh7 11. Qd2 Qe7 12. Rfd1 Rad8 13. Na4 e5 14. Qe1 e4 15.
dxe4 dxe4 16. Nd2 Ne5 17. c5 Bb8 18. Bxe5 Qxe5 19. g3 Qe7 20. Nc3 h5 21. b4 h4
22. Bf1 hxg3 23. hxg3 Bf5 24. Nc4 Bg4 25. Ne2 Bf3 26. Bg2 Ng4 27. Rxd8 Qxd8 28.
Nd4 Qf6 29. Nd2 Bxg2 30. Kxg2 Qg6 31. Qe2 Ne5 32. Rh1 Nd3 33. a3 a5 34. bxa5
Nxc5 35. Qh5 Qxh5 36. Rxh5 Ba7 37. Re5 Rd8 38. Nxe4 Nxe4 39. Rxe4 Bc5 40. a4
Ra8 41. Nb3 Ba3 42. Rc4 Kf8 43. Kf3 Ke7 44. Nc5 Ra7 45. Ke2 Kd6 46. Nb3 c5 47.
Kd3 Ra8 48. Rf4 f6 49. Rg4 g5 50. f4 Rg8 51. Kc4 Kc6 52. fxg5 fxg5 53. Re4 Rg6
54. Re5 Bb4 55. Nxc5 Bxa5 56. Re6+ Rxe6 57. Nxe6 g4 58. Nd4+ Kd6 59. Nf5+ Ke6
60. Nh6 Bc7 61. Kb5 Bxg3 62. Kb6 Bc7+ 63. Kxb7 g3 64. Kxc7 g2 0-1

[Event "Summer Cup"]
[Site "Wellington Chess Club"]
[Date "2021.02.25"]
[Round "5.8"]
[White "Pomeroy, Arthur"]
[Black "Wevers, Alexis"]
[Result "1-0"]
[WhiteElo "2039"]
[BlackElo "1831"]

1. e4 c5 2. Nf3 d6 3. d4 cxd4 4. Nxd4 Nf6 5. Nc3 Nc6 6. Bc4 e6 7. Be3 Be7 8.
Qe2 Bd7 9. O-O-O O-O 10. Bb3 a6 11. Nxc6 Bxc6 12. e5 Ne4 13. Nxe4 Bxe4 14. exd6
Bg5 15. f3 Bc6 16. Rhe1 Qf6 17. Kb1 Bh4 18. Rf1 Rfd8 19. g3 Bg5 20. f4 Bh6 21.
g4 g5 22. fxg5 Qe5 23. gxh6 Bb5 24. c4 Bc6 25. Qf2 Be4+ 26. Ka1 Rd7 27. c5 Rc8
28. Bd4 Qg5 29. Qf6 Qxf6 30. Rxf6 b6 31. Rxe6 Bc2 32. Rde1 fxe6 33. Bxe6+ Rf7
1-0

[Event "Summer Cup"]
[Site "Wellington Chess Club"]
[Date "2021.02.25"]
[Round "5.9"]
[White "Benitez, Edgar"]
[Black "Robinson, Max"]
[Result "0-1"]
[WhiteElo "2033"]
[BlackElo "1805"]

1. d4 Nf6 2. c4 e6 3. Nf3 d5 4. e3 c5 5. Nc3 Nc6 6. Be2 a6 7. a4 Bd6 8. O-O O-O
9. b3 cxd4 10. exd4 h6 11. Bb2 Re8 12. h3 b6 13. Bd3 Bb7 14. Ne2 Nb4 15. Bb1
dxc4 16. Ne5 cxb3 17. Qxb3 Rc8 18. Nf4 Nfd5 19. Nfd3 Qg5 20. Nf3 Qh5 21. Nxb4
Nxb4 22. Ne5 Rc7 23. f4 Rec8 24. Rf2 Bd5 25. Qe3 Nc2 26. Bxc2 Rxc2 27. Raf1
Rxf2 28. Qxf2 Qf5 29. g4 Qc2 30. Rc1 Qxf2+ (30... Qxc1+ 31. Bxc1 Rxc1+ 32. Kh2
f6 {also works} ) 31. Kxf2 Rxc1 32. Bxc1 Bb3 33. a5 bxa5 34. Ke3 Kf8 35. Bb2 a4
36. Nd7+ Ke7 37. Nc5 g5 38. Bc3 Bc7 0-1

[Event "Summer Cup"]
[Site "Wellington Chess Club"]
[Date "2021.02.25"]
[Round "5.10"]
[White "Loke, Kayden"]
[Black "Dunn, Paul"]
[Result "1/2-1/2"]
[WhiteElo "1608"]
[BlackElo "2000"]

1. e4 e5 2. Nf3 Nc6 3. d4 exd4 4. Bc4 Bc5 5. c3 Nf6 6. e5 d5 7. Bb5 Ne4 8. cxd4
Bb6 9. Bxc6+ bxc6 10. Be3 O-O 11. O-O c5 12. Nbd2 cxd4 13. Nxd4 c5 14. Nb5 f5
15. Nxe4 fxe4 16. Nd6 Be6 17. Rc1 d4 18. Bd2 Bd5 19. Qg4 Qe7 20. Qg5 Qe6 21.
Rfe1 h6 22. Qg3 e3 23. fxe3 c4 24. Rf1 d3 25. Rxf8+ Rxf8 26. Rf1 Rxf1+ 27. Kxf1
Bc5 28. Nb5 Kh7 29. Nd4 Bxd4 30. exd4 Qf5+ 31. Qf4 Qxf4+ 32. Bxf4 Kg6 33. g4 h5
34. gxh5+ Kxh5 35. Kf2 Kg4 36. Bc1 Kf5 37. Ke3 a6 38. a4 g6 39. b3 cxb3 40.
Kxd3 Ke6 41. Kc3 Kd7 42. Kb4 Kc6 43. Bb2 Be6 44. Kc3 Bd5 45. Kd3 Kd7 46. Ke3
Ke6 47. Kf4 Bc6 48. Kg5 Kf7 49. a5 Bd5 50. h4 Bc4 51. h5 gxh5 52. Kxh5 Ke6 53.
Kg6 Bd5 54. Kg7 Bc4 55. Kf8 Bb5 56. Kg7 Bc4 57. Kg6 Bd5 58. Kg5 Bc4 59. Kf4 Bd5
60. Ke3 Kd7 61. Bc3 Kc6 62. Kf4 Kd7 63. Kf5 Be6+ 64. Ke4 Kc6 65. Bb2 Bg8 66.
Kd3 Bd5 67. Bc3 Kb5 68. Ke3 Kc4 69. Bb2 Kb5 70. Kf4 Kc6 71. Bc1 Kd7 72. Ba3 Ke6
73. Bb2 Bc4 74. Ke4 Kd7 1/2-1/2

[Event "Summer Cup"]
[Site "Wellington Chess Club"]
[Date "2021.02.25"]
[Round "5.11"]
[White "Van der Hoorn, Thomas"]
[Black "Tanoi, Edward"]
[Result "0-1"]
[WhiteElo "1599"]
[BlackElo "1934"]

1. e4 c5 2. Nf3 Nc6 3. d4 cxd4 4. Nxd4 Nf6 5. Nc3 d6 6. Bc4 e6 7. Be3 a6 8. O-O
Bd7 9. a4 Be7 10. f4 Rc8 11. Ba2 O-O 12. f5 Nxd4 13. Bxd4 e5 14. Be3 Rxc3 15.
bxc3 Nxe4 16. Qd3 Nf6 17. a5 h6 18. Bb6 Qc8 19. c4 Bc6 20. h3 Be4 21. Qd2 Bxf5
22. Qf2 Bg6 23. Rae1 Ne4 24. Qe3 Bg5 25. Qa3 Qc6 26. Rd1 Bh5 27. g4 Bg6 28. Qf3
Kh7 29. c5 dxc5 30. Bd5 Qa4 31. Bxb7 Nd2 32. Rxd2 Bxd2 33. Bxc5 Rd8 34. Bb6 Rd6
35. Bxa6 Qxc2 36. Be2 Bf4 37. Qf2 Rd2 38. Re1 Bd3 39. Kf1 Bxe2+ 40. Rxe2 Qc1+
41. Qe1 Rd1 0-1